Recenzia Vidová, J.: Investície a inovácie v ekonomike.

Recenzia na učebnicu, ktorá je rozdelená do dvoch rovnocenných kapitol. V prvej kapitole sa autorka venuje investíciám, ktoré určujú dynamiku vývoja ekonomiky, dlhodobý ekonomický rast a problematike inovácií, ktoré podporujú ekonomický rast, ich teoretickému základu, deleniu. Druhá kapitola rieši...

Ausführliche Beschreibung

Gespeichert in:
Bibliographische Detailangaben
1. Verfasser: Moravčík, Oto
Format: Buchkapitel
Sprache:Slowakisch
Schlagworte:
Tags: Tag hinzufügen
Keine Tags, Fügen Sie das erste Tag hinzu!

MARC

LEADER 00000nla a2200000 4500
001 0178234
005 20231121083427.9
041 0 |a slo 
044 |a SK 
245 1 0 |a Recenzia  |b Vidová, J.: Investície a inovácie v ekonomike.  |c Oto Moravčík 
520 |a Recenzia na učebnicu, ktorá je rozdelená do dvoch rovnocenných kapitol. V prvej kapitole sa autorka venuje investíciám, ktoré určujú dynamiku vývoja ekonomiky, dlhodobý ekonomický rast a problematike inovácií, ktoré podporujú ekonomický rast, ich teoretickému základu, deleniu. Druhá kapitola rieši problematiku kapitálu, podrobnejšie druhom kapitálu. 
610 2 0 |a recenzie 
610 2 0 |a inovácia 
610 2 0 |a stratégia investičná 
610 2 0 |a stratégia inovačná 
100 1 |a Moravčík, Oto